Most Single Season Home Runs By Position - Statistics

General Stats
  • This quiz has been taken 5 times
  • The average score is 28 of 62
Answer Stats
Year HR Catcher % Correct
Aaron Judge
100%
Alex Rodriguez
100%
Alex Rodriguez
100%
Babe Ruth
100%
Babe Ruth
100%
Barry Bonds
100%
Ken Griffey Jr.
100%
Mark McGwire
100%
Sammy Sosa
100%
2025 60 Cal Raleigh
80%
Mickey Mantle
80%
Roger Maris
80%
Chris Davis
60%
David Ortiz
60%
Eugenio Suarez
60%
Giancarlo Stanton
60%
Hack Wilson
60%
Hank Greenberg
60%
Jimmie Foxx
60%
1970 45 Johnny Bench
60%
1972 40 Johnny Bench
60%
Khris Davis
60%
Kyle Schwarber
60%
1999 40 Mike Piazza
60%
Mike Schmidt
60%
Ryan Howard
60%
2021 48 Salvador Perez
60%
Shohei Ohtani
60%
Albert Belle
40%
Andruw Jones
40%
Brady Anderson
40%
Ernie Banks
40%
George Foster
40%
Jorge Soler
40%
Jose Bautista
40%
Luis Gonzalez
40%
Matt Olson
40%
Ralph Kiner
40%
Alfonso Soriano
20%
Brian Dozier
20%
Davey Johnson
20%
Fernando Tatis Jr.
20%
Greg Vaughn
20%
Harmon Killebrew
20%
Harmon Killebrew
20%
2003 43 Javy Lopez
20%
Jim Thome
20%
Marcus Semien
20%
Pete Alonso
20%
Rafael Palmeiro
20%
Robinson Cano
20%
Rogers Hornsby
20%
Ryne Sandberg
20%
Willie Mays
20%
Adrian Beltre
0%
Brandon Lowe
0%
Eddie Mathews
0%
Jose Canseco
0%
1953 41 Roy Campanella
0%
1996 41 Todd Hundley
0%
Troy Glaus
0%
Vinny Castilla
0%
No matching quizzes found
Score Distribution
Percent of People with Each Score
Percentile by Number Answered
Your Score History
You have not taken this quiz